Crecimiento e inflación : alternativas cambiarias para México /

Uloženo v:
Podrobná bibliografie
Hlavní autor: Ortiz, Guillermo (autor)
Další autoři: Solís Manjarrez, Leopoldo (autor) (autor)
Médium: Kniha
Jazyk:španělština
Vydáno: México : Banco de México, 1980
Témata:
Tagy: Přidat tag
Žádné tagy, Buďte první, kdo vytvoří štítek k tomuto záznamu!

MARC

LEADER 00000nam^a2200000^a^4500
001 000023431
005 20250521000000.0
009 20260310084536.253
037 |a Acervo ITESO - Biblioteca 
041 |a ESP 
082 |a 332. 41  |b ORT 
100 |a Ortiz, Guillermo  |e (autor) 
245 1 0 |a Crecimiento e inflación :  |b alternativas cambiarias para México /  |c G. Ortiz, L. Solís Manjarrez. 
264 1 |a México :  |b Banco de México,  |c 1980 
300 |a 42 p. 
336 |a texto  |b txt  |2 rdacontenido 
337 |a sin mediación  |b n  |2 rdamedio 
338 |a volumen  |b nc  |2 rdasoporte 
649 |a XX 
650 |a Economía -  |z México 
650 |a Economía -  |z México 
650 |a Desarrollo Económico-Social -  |z México 
700 |a Solís Manjarrez, Leopoldo  |e (autor) 
910 |a Fondo General 
920 |a Impresos - Libros 
930 |a Colección General 
905 |a 101 
901 |a 0234310100  |b IT1  |c ACC  |i 023431  |u 20250521 
902 |a https://opac.biblio.iteso.mx/vufind/Record/000023431